Star Trek Characters in Disguise Quiz Stats

 Plays Quiz Updated Feb 18, 2020

Support Sporcle.
Go Orange.
Score 0/24 Timer 06:00
1 Play Today
# Character % Correct
James T. Kirk
95.6%
Spock
94.2%
Jean-Luc Picard
84.8%
William Riker
65.8%
Kathryn Janeway
61.8%
Deanna Troi
60.1%
Leonard McCoy
58.9%
Jonathan Archer
55.8%
Ro Laren
55.6%
Quark
52.7%
Katherine Pulaski
52%
Benjamin Sisko
46.3%
# Character % Correct
B'Elanna Torres
45.2%
Data
45%
Chakotay
43.4%
Tuvok
41%
Keiko O'Brien
40.8%
Wesley Crusher
37.6%
Hoshi Sato
34.6%
Spot
33%
Worf
27.1%
Reg Barclay
19.8%
Odo
18.7%
Arne Darvin
11.3%

You're not logged in!

Compare scores with friends on all Sporcle quizzes.
OR
Log In

From the Vault

6 to 1: Capital

by mg10

Every capital counts.
Remove Ads.
Support Sporcle.
Get the best of Sporcle when you Go Orange. This ad-free experience offers more features, more stats, and more fun while also helping to support Sporcle. Thank you for becoming a member.

Show Comments

Extras

Top Quizzes Today


Score Distribution

Your Account Isn't Verified!

In order to create a playlist on Sporcle, you need to verify the email address you used during registration. Go to your Sporcle Settings to finish the process.

Report this User

Report this user for behavior that violates our Community Guidelines.

Details: